Clinical chemistry immunology and laboratory quality control: A comprehensive review for board preparation, certification and clinical practice (Record no. 12078)

MARC details
000 -LEADER
fixed length control field 00532nam a2200157Ia 4500
008 - FIXED-LENGTH DATA ELEMENTS--GENERAL INFORMATION
fixed length control field 230917s9999||||xx |||||||||||||| ||und||
020 ## - ISBN
Price USD69.95
040 ## - CATALOGING SOURCE
-- 218924
Original cataloging agency VIVEKANANDA LIBRARY
041 ## - Language
-- English
082 ## - DDC NUMBER
Classification number 616.0756 D26C
100 ## - MAIN ENTRY--PERSONAL NAME
Personal name Dasgupta, Amitava
245 #0 - TITLE STATEMENT
Title Clinical chemistry immunology and laboratory quality control: A comprehensive review for board preparation, certification and clinical practice
260 ## - PUBLICATION, DISTRIBUTION, ETC. (IMPRINT)
Place of publication, distribution, etc Amsterdam
Name of publisher, distributor, etc Elsevier
Date of publication, distribution, etc 2014
500 ## - GENERAL NOTE
General note 1629 14/08/2014 IBS71 19/08/2014 Main Budget
942 ## - ADDED ENTRY ELEMENTS (KOHA)
Koha item type Books
Holdings
Withdrawn status Lost status Damaged status Not for loan Location (home branch) Sublocation or collection (holding branch) Date acquired Koha issues (times borrowed) Koha full call number Accession No. Koha date last seen Koha item type
        VIVEKANANDA LIBRARY VIVEKANANDA LIBRARY 19/09/2014   616.0756 D26C 346757 17/09/2023 Books
© Designed and Maintained by Vivekananda Library, MDU Rohtak